| 000 | 00644nam a2200193 a 4500 | ||
|---|---|---|---|
| 001 | 3216 | ||
| 003 | CDMR | ||
| 005 | 20131111134401.0 | ||
| 008 | 130130s1972||||||||||||||||||||||||||||d | ||
| 040 |
_aCDMR _bcat _cCDMR |
||
| 100 | 1 |
_aBurbage, Robert _92333 |
|
| 245 | 1 | 0 |
_aPresse, radio et télévision aux États-Unis _cRobert Burbage, Jean Cazemajou, André Kaspi |
| 260 |
_aParis _c1972 _bArmand Colin |
||
| 300 | _a414 p. | ||
| 490 | 0 |
_aCollection U/U2. _aÉtudes anglo-américaines _v181 |
|
| 650 | 0 | 4 |
_93267 _aMitjans de comunicació de massa _zEstats Units |
| 650 | 0 | 4 |
_94312 _aEmpreses periodístiques _zEstats Units d'Amèrica |
| 942 |
_cMON _2udc |
||
| 999 |
_c3216 _d3216 |
||